000 00463nam a2200157 a 4500
005 20140311162956.0
008 111122s19uu xx 00 eng d
020 _a9710870378
100 _aMalinao, Alito O.
245 _aHandbook on basic media laws and ethics /
_cAlito O. Malinao.
250 _a1st ed.
260 _aMandaluyong City :
_bNational Book Store,
_c2011.
300 _a334
650 _aMass media
_xLaw and legislation
_xPhilippines
942 _cBK
999 _c39050
_d39050